Contrôle de gestion : (Registro nro. 6120)

Detalles MARC
000 -LEADER
fixed length control field 01145nam a2200301Ia 4500
003 - CONTROL NUMBER IDENTIFIER
control field OSt
005 - DATE AND TIME OF LATEST TRANSACTION
control field 20201029221732.0
008 - FIXED-LENGTH DATA ELEMENTS--GENERAL INFORMATION
fixed length control field 191128s1983 fr a gr 000 0 spa d
020 ## - INTERNATIONAL STANDARD BOOK NUMBER
International Standard Book Number 2717806873
040 ## - CATALOGING SOURCE
Original cataloging agency CO-JMCR
Transcribing agency CO-JMCR
041 0# - LANGUAGE CODE
Language code of text/sound track or separate title fra
082 04 - DEWEY DECIMAL CLASSIFICATION NUMBER
Classification number 658.4032 /
Item number G278c
Edition number 23
100 1# - MAIN ENTRY--PERSONAL NAME
Personal name Gervais, Michel,
Relator term autor
9 (RLIN) 12259
245 10 - TITLE STATEMENT
Title Contrôle de gestion :
Remainder of title et planification de l'entreprise /
Statement of responsibility, etc. Michel Gervais
250 ## - EDITION STATEMENT
Edition statement 2e. édition
260 ## - PUBLICATION, DISTRIBUTION, ETC.
Place of publication, distribution, etc. París :
Name of publisher, distributor, etc. Ed. Economica,
Date of publication, distribution, etc. 1983.
300 ## - PHYSICAL DESCRIPTION
Extent 512 páginas :
Other physical details gráficos a blanco y negro ;
Dimensions 25 cm.
490 0# - SERIES STATEMENT
Series statement Collection Gestion. Politique générale, france et marketing
500 ## - GENERAL NOTE
General note Incluye notas a pie de páginas.
504 ## - BIBLIOGRAPHY, ETC. NOTE
Bibliography, etc. note Bibliografía: 487-497.
505 0# - FORMATTED CONTENTS NOTE
Formatted contents note Le controle de gestion -- Le systeme budgetaire -- La planification -- Le systeme plans-programmes-budgets -- Les nouveaux systemes de planification
546 ## - LANGUAGE NOTE
Language note Texto en francés
650 24 - SUBJECT ADDED ENTRY--TOPICAL TERM
Topical term or geographic name entry element Control de gestión
9 (RLIN) 11355
650 24 - SUBJECT ADDED ENTRY--TOPICAL TERM
Topical term or geographic name entry element Gestión empresarial
9 (RLIN) 603
650 24 - SUBJECT ADDED ENTRY--TOPICAL TERM
Topical term or geographic name entry element Empresas
General subdivision Administración de empresas
9 (RLIN) 12260
650 24 - SUBJECT ADDED ENTRY--TOPICAL TERM
Topical term or geographic name entry element Organización industrial
9 (RLIN) 12236
942 ## - ADDED ENTRY ELEMENTS (KOHA)
Source of classification or shelving scheme Dewey Decimal Classification
Koha item type Books
Existencias
Withdrawn status Lost status Source of classification or shelving scheme Materials specified (bound volume or other part) Damaged status Not for loan Home library Current library Shelving location Date acquired Source of acquisition Total Checkouts Full call number Barcode Date last seen Date last checked out Copy number Price effective from Koha item type
    Dewey Decimal Classification Donación--15/04/2018--     Biblioteca Pública José María del Castillo y Rada Biblioteca Pública José María del Castillo y Rada General Stacks 11/28/2019 Donación 1 658.4032 / G278c 430012055 09/19/2024 09/18/2024 Ej.1 11/28/2019 Books